| 000 | 01278nam0a22002891 4500 | ||
|---|---|---|---|
| 001 | v19\rc\2004712 | ||
| 005 | 20251118181323.1 | ||
| 035 | _a(NLR Aleph) 005079868 | ||
| 090 |
_a7185074 _c7185074 |
||
| 100 | _a20251123 rusy50 | ||
| 101 | 0 | _arus | |
| 102 | _aRU | ||
| 105 | _ay z ||||| | ||
| 200 | 1 |
_aРодные картинки _eПисьм. работы по картинкам. Ст. для орфографии. Контур. картинки для рисования _fД.Е. Любченко |
|
| 205 | _a2-е изд., испр. и доп. Вып. 1-2 | ||
| 210 |
_aМосква _cт-во И.Д. Сытина _d1915-1917 |
||
| 215 |
_a2 т. _d27 |
||
| 327 | 1 | _aСодерж.: Вып. 1. Для детей младшего возраста. Вып. 2. Для детей среднего возраста | |
| 464 | 0 |
_12001#$aДля детей младшего возраста$aДля детей среднего возраста _tДля детей среднего возраста |
|
| 700 | 1 |
_aЛюбченко _bД.Е. _gДиомид Елеазарович |
|
| 801 | 0 |
_aRU _bNLR _gpsbo |
|
| 801 | 0 |
_aRU _bRuMoRGB _2psbo |
|
| 801 | 1 |
_aRU _bProSoft-M _2rusmarc |
|
| 852 |
_aNLR _j34.104.5.186 |
||
| 899 |
_aRuMoRGB _jM 33/153 |
||
| 942 | _cBOOK | ||
| 980 | _aNB | ||